Vista normal
Vista MARC
Entrada Nombre personal
Número de registros utilizados en: 1
001 - NÚMERO DE CONTROL
- campo de control: 87000
003 - IDENTIFICADOR DEL NÚMERO DE CONTROL
- campo de control: DO-SdBNP
005 - FECHA Y HORA DE LA ÚLTIMA TRANSACCIÓN
- campo de control: 20250221110612.0
008 - DATOS DE LONGITUD FIJA
- campo de control de longitud fija: 250220|| aca||aabn | a|a d
040 ## - FUENTE DE LA CATALOGACIÓN
- Centro catalogador/agencia de origen: DO-SdBNP
- Lengua de catalogación: spa
- Centro/agencia transcriptor: BNPHU
- Normas de descripción: rda
100 1# - ENCABEZAMIENTO-NOMBRE DE PERSONA
- Nombre de persona: Collado, Sabrina,
- Fechas asociadas al nombre: 1979-
370 ## - LUGAR ASOCIADO
- Lugar de nacimiento: Bonao (Provincia Monseñor Nouel, República Dominicana)
372 ## - CAMPO DE ACTIVIDAD
- Campo de actividad: Biblioteconomía
374 ## - OCUPACIÓN
- Ocupación: Bibliotecaria
375 ## - GÉNERO/SEXO
- Género/Sexo: Femenino
377 ## - LENGUA/LENGUAJE ASOCIADO
- Código del idioma: spa
- Término de lengua/lenguaje: Español
400 1# - TRAZADO DE VÉASE--NOMBRE DE PERSONA
- Nombre de persona: Collado Pérez, Sabrina
670 ## - FUENTE DE DATOS ENCONTRADOS
- Cita de la fuente: Work cat.: (DO-SdBNP)58153: Collado, Sabrina, autor 1979. Biblioteca Alejandro Herrera Rodríguez :
- Información encontrada: Biografia, p. 204-205
